000 01215cam a22003617a 4500
003 CHAP
005 20220817040851.0
008 971013s1990 r 00010 d
010 _a1760
011 _a2732
035 _a1929
040 _cCHAP
090 _aTesis
100 0 0 _aSilva Arellano, J Eugenio.
_9105974
245 0 _aDiagnóstico nutrimental del durazno (Prunus persica L.) en Jerez, Zacatecas, usando la técnica DRIS
260 _aChapingo, Méx. :
_bEl autor,
_c1990
300 _a64 h.
_b: gráfs.
502 _aTesis (Ing. Agr. Esp. en Suelos) -- UACH. Departamento de Suelos
590 _aALEPH
_b10
_c20130110
_lUCH01
_h1209
590 _aBATCH-UPD
_b10
_c20130110
_lUCH01
_h0028
590 _aBATCH-UPD
_b10
_c20130110
_lUCH01
_h2124
590 _aBATCH-UPD
_b10
_c20130410
_lUCH01
_h1433
590 _aBATCH-UPD
_b10
_c20130914
_lUCH01
_h1200
590 _aCONVERSION
_b10
_c20130109
_lUCH01
_h1302
650 1 4 _aDiagnóstico foliar.
_932394
650 1 4 _aDurazno
_xZacatecas.
_934636
650 1 4 _aMétodo DRIS.
_976624
710 0 _aUACH. Departamento de Suelos.
901 _aBK
942 _cTESIS
949 _bBC
_cTES
_d-11424
_eTS1
_h23383
_i1929
_si
949 _bS
_cTES
_d-4243
_eTS1
_i1929
_si
999 _c1760
_d1760